000 00721nam a2200289Ia 4500
005 20260324143900.0
008 008 260324s9999 xx 000 0 eng d
020 _a9781003066583
037 _aEBOOK
040 _aCRL
040 _beng
040 _cCRL
041 _2eng
041 _aeng
084 _qCRL
100 _aJohn P. Tanner
_91217280
245 0 _aManufacturing Engineering
245 3 _bAN INTRODUCTION TO THE BASIC FUNCTIONS, SECOND EDITION, REVISED AND EXPANDED
260 _bTaylor and Francis
260 _c1990
365 _a
365 _b275
856 _uhttp://www.taylorfrancis.com/books/9781003066583
942 _cEBOOK
999 _c1823194
_d1823194